000
00230nam a22001097a 4500
999
_c
168384
_d
168384
082
_a
_b
100
_a
Lallan Ray
245
_a
Thulsi ki sahithya sadhana/
_c
by Lallan Ray.
260
_a
_b
_c
2002.
650
_a
942
_c
BK